Eurostat yearbook '97 <a> statistical eye on Europe 1986-1996

Saved in:
Bibliographic Details
Corporate Author: Eurostat
Format: Book
Language:English
Published: Luxembourg Office des publications officielles des Communautés européennes 1997
Edition:3. ed.
Subjects:
Tags: Add Tag
No Tags, Be the first to tag this record!

MARC

LEADER 00000nam a2200000 4500
001 c101242
005 20221221130103.5
020 |a 92-828-2133-1 
041 0 |a eng 
044 |a LU 
245 1 0 |a Eurostat yearbook '97  |b <a> statistical eye on Europe 1986-1996 
250 |a 3. ed. 
264 1 |a Luxembourg  |b Office des publications officielles des Communautés européennes  |c 1997 
300 |a 512 s. 
610 2 0 |a Európska únia 
610 2 0 |a Európske spoločenstvá 
610 2 0 |a údaje štatistické 
610 2 0 |a údaje štatistické medzinárodné 
610 2 0 |a 1986-1996 
710 2 |a Eurostat